ბათუმის შოთა რუსთაველის სახელმწიფო უნივერსიტეტის ბიბლიოთეკა

თხზულებანი (ბიბ.ჩანაწერი № 48788)

000 -LEADER
fixed length control field 02105nam a2200229Ia 4500
001 - CONTROL NUMBER
control field 15690
003 - CONTROL NUMBER IDENTIFIER
control field GE_BSU
008 - FIXED-LENGTH DATA ELEMENTS--GENERAL INFORMATION
fixed length control field 181216s||||||||xx |||||||||||||| ||und||
040 ## - CATALOGING SOURCE
Transcribing agency GE_BSU
100 ## - MAIN ENTRY--PERSONAL NAME
Personal name ჭავჭავაძე, ი. (ილია, 1837-1907)
245 ## - TITLE STATEMENT
Title თხზულებანი
245 ## - TITLE STATEMENT
Statement of responsibility, etc. შემდგ. მურმან ლებანიძე ; რედ. ნათელა ინასარიძემხატვ. ლადო გრიგოლია
260 ## - PUBLICATION, DISTRIBUTION, ETC.
Place of publication, distribution, etc. თბილისი
260 ## - PUBLICATION, DISTRIBUTION, ETC.
Name of publisher, distributor, etc. საბჭ. საქართველო
260 ## - PUBLICATION, DISTRIBUTION, ETC.
Date of publication, distribution, etc. 1984
300 ## - PHYSICAL DESCRIPTION
Extent 942 გვ. ; 20 სმ.
653 ## - INDEX TERM--UNCONTROLLED
Uncontrolled term თხზულებანი
653 ## - INDEX TERM--UNCONTROLLED
Uncontrolled term ლექსები: ყვარლის მთებს; სანთელი; გუთნის-დედა; სიმღერა; გიყვარდეს; სიზმარი; ლოცვა; უცხოეთში; **დაე თუნდ მოვკვდე, არ მეშინიან...; ქართვლის დედას; ***მაშინ დავსტკბები სრულის სამოთხით...; რისთვის მიყვარხარ? და სხვ.
653 ## - INDEX TERM--UNCONTROLLED
Uncontrolled term პოემები: აჩრდილი; ქართვლის დედა; რამდენიმე სურათი ანუ ეპიზოდი ყაჩაღის ცხოვრებიდამ; მეფე დიმიტრი თავდადებული; განდეგილი; პროზა: მგზავრის წერილები; გუბე; გლეხთა გათავისუფლების პირველ-დროების სცენები;
653 ## - INDEX TERM--UNCONTROLLED
Uncontrolled term სარჩობელაზედ; ნიკოლოოზ გოსტაშაბიშვილი; ამბავად გაგონილნი; კაცია-ადამიანი?!; გლახის ნაამბობი; ოთარაანთ ქვრივი
942 ## - ADDED ENTRY ELEMENTS (KOHA)
Koha item type წიგნი
ეგზემპლარები
Withdrawn status Lost status Damaged status Not for loan Date acquired Barcode Date last seen Price effective from Koha item type Public note
        2018-12-17 39065 2018-12-17 2018-12-17 წიგნი 3ლ.80თ.
        2018-12-17 39088 2018-12-17 2018-12-17 წიგნი  
        2018-12-17 39089 2018-12-17 2018-12-17 წიგნი